Doctor omlouhna ah : (Record no. 7520)

MARC details
000 -LEADER
fixed length control field 00471nam a22001817a 4500
003 - CONTROL NUMBER IDENTIFIER
control field GBCCL
005 - DATE AND TIME OF LATEST TRANSACTION
control field 20241126110630.0
008 - FIXED-LENGTH DATA ELEMENTS--GENERAL INFORMATION
fixed length control field 180820b ||||| |||| 00| 0 eng d
040 ## - CATALOGING SOURCE
Transcribing agency gbc
082 ## - DEWEY DECIMAL CLASSIFICATION NUMBER
Classification number VER 610.3
Item number WER
100 ## - MAIN ENTRY--PERSONAL NAME
Personal name Werner, David
9 (RLIN) 13293
245 ## - TITLE STATEMENT
Title Doctor omlouhna ah :
Remainder of title ki etkolna laibu zattangjaang/
250 ## - EDITION STATEMENT
Edition statement 2nd ed.
260 ## - PUBLICATION, DISTRIBUTION, ETC.
Date of publication, distribution, etc. Churachandpur:
Place of publication, distribution, etc. Lam Guite,
Name of publisher, distributor, etc. 2011
300 ## - PHYSICAL DESCRIPTION
Extent 360p. ;
650 ## - SUBJECT ADDED ENTRY--TOPICAL TERM
Topical term or geographic name entry element Home remedies
9 (RLIN) 13294
942 ## - ADDED ENTRY ELEMENTS (KOHA)
Source of classification or shelving scheme Dewey Decimal Classification
Koha item type Books
Koha issues (borrowed), all copies 1
Holdings
Withdrawn status Lost status Source of classification or shelving scheme Damaged status Not for loan Home library Current Library Shelving location Date acquired Total checkouts Full call number Barcode Date last seen Date last checked out Copy number Price effective from Koha item type
    Dewey Decimal Classification     GRACE BIBLE COLLEGE GRACE BIBLE COLLEGE Vernacular 2018-08-20 1 VER 610.3 WER 002744 2025-05-01 2022-11-18 c.1 2018-08-20 Books
© Grace Bible College Library 2025